000
00327nam a2200133 a 4500
005
20140414131915.0
008
100915s19uu xx 00 eng d
050
_a
FIC
_b
Ap5 2002
100
_a
Applegate, K.A.
245
_a
The arrival.
260
_a
New York :
_b
Scholastic ,
_c
2002.
440
_a
Animorphs
999
_c
111410
_d
111410